000 00708nam a2200241Ia 4500
003 OSt
005 20221006145018.0
006 a|||||r|||| 00| 0
007 ta
008 221006b |||||||| |||| 00| 0 eng d
020 _c4.00
024 _a13,500
037 _cTextual
040 _aEASL
_cEASL
_beng
041 _2eng
_aeng
082 _aV4313S:1973(zG)p43134,N64, K4
245 0 _aInternational conference for solidarity with the people of Vietnam against U.S. imperialist aggression and for the defence of reace
260 _c1964
300 _a459p.
_ccm.
490 _v Oth
942 _hV4313S:1973(zG)p43134,N64, K4
_cTEXL
_2CC
999 _c1081586
_d1081586